000 00675nam a2200181Ia 4500
005 20260429112242.0
008 260429s9999||||xx |||||||||||||| ||und||
020 _a9789352211265
041 _aHindi
082 _a891.434
_bAGR
100 _aअग्रवाल, वासुदेव शरण
245 0 _aपद्मावत :
_bमलिका मुहम्मद जायशी कृत महाकाव्य /
_cवासुदेव शरण अग्रवाल
250 _a0
260 _aप्रयागराज :
_bलोकभारती प्रकाशन,
_c2025.
300 _a782 p.; Hb
650 _aHindi essays
942 _cTB
999 _c53129
_d53129